|
|
|
|
| LEADER |
00660nab a2200181 i 4500 |
| 001 |
misc9287 |
| 005 |
20191106143522.0 |
| 008 |
170607s1914 hu o 0|| hun d |
| 022 |
|
|
|a 0025-0260
|
| 040 |
|
|
|a SZTE Miscellanea Repozitórium
|b hun
|
| 041 |
|
|
|a hun
|
| 100 |
1 |
|
|a Dékány István
|
| 245 |
1 |
0 |
|a Történelem és szemlélet
|h [elektronikus dokumentum] /
|c Dékány István
|
| 260 |
|
|
|c 1914
|
| 300 |
|
|
|a 321-335
|
| 490 |
0 |
|
|a Magyar pedagógia : a Magyar Tudományos Akadémia Pedagógiai Bizottságának folyóirata
|v 23
|
| 695 |
|
|
|a Történelemszemlélet, Történelem
|
| 856 |
4 |
0 |
|u http://misc.bibl.u-szeged.hu/9287/1/mp_1914_2053_321-335.pdf
|z Dokumentum-elérés
|